|
|
|
|
| LEADER |
00000nam2a2200000 4500 |
| 001 |
15902 |
| 005 |
20241126063146.0 |
| 010 |
|
|
|a 5750912434
|
| 035 |
|
|
|a (RuTPU)RU\TPU\book\16019
|
| 035 |
|
|
|a BOOK00016088
|
| 090 |
|
|
|a 15902
|
| 100 |
|
|
|a 20011209d1990 km y0rusy50 ca
|
| 101 |
0 |
|
|a rus
|
| 102 |
|
|
|a RU
|
| 105 |
|
|
|a a z 000zd
|
| 200 |
0 |
|
|a Кн. 4; Т. 10-12
|
| 210 |
|
|
|d 1990
|
| 215 |
|
|
|a 544 с.
|c ил.
|
| 461 |
|
1 |
|0 (RuTPU)RU\TPU\book\84537
|t История государства Российского
|o в 4 кн.
|f Н. М. Карамзин
|d 1989-
|
| 600 |
|
0 |
|a Борис Годунов
|c русский царь с 1598 г.
|f 1552 - 1605
|c Борис Федорович
|2 stltpui
|3 (RuTPU)RU\TPU\pers\116
|
| 600 |
|
0 |
|a Лжедмитрий
|d I
|f ? - 1606
|c самозванец, выдававший себя за царевича Дмитрия
|c настоящее имя, предположительно, Отрепьев Юрий Богданович
|2 stltpui
|3 (RuTPU)RU\TPU\pers\683
|
| 600 |
|
0 |
|a Федор Иванович
|c русский царь
|f 1557-1598
|2 stltpush
|3 (RuTPU)RU\TPU\pers\10810
|
| 600 |
|
0 |
|a Василий Шуйский
|d IV
|f 1552 - 1612
|c русский царь в 1606 - 1610 гг.
|c полное имя Шуйский Василий Иванович
|2 stltpush
|3 (RuTPU)RU\TPU\pers\10811
|
| 606 |
|
|
|a Россия
|x История
|7 ca
|8 rus
|9 81526
|
| 610 |
1 |
|
|a славяне
|
| 610 |
1 |
|
|a древние славяне
|
| 610 |
1 |
|
|a 16 век
|
| 686 |
|
|
|a Т3(2)
|2 rubbk
|
| 801 |
|
0 |
|a RU
|b 63413507
|c 20011209
|g PSBO
|
| 801 |
|
2 |
|a RU
|b 63413507
|c 20161111
|g PSBO
|
| 942 |
|
|
|c BK
|